000 00861nam a22002657a 4500
001 4799
003 FISKH
005 20241014141926.0
008 241014b cb ||||| |||| 00| 0 eng d
020 _a9788120754379
040 _aFISKH
_beng
_cFISKH
_dFISKH
082 _a813.4
100 _aTwain, Mark
245 _aAdventures of Huckleberry Finn /
_cby Mark Twain
260 _aNew York :
_bSterling Publisher ;
_c2005 .
300 _a232 pages :
_billustrations ;
_c22 cm .
490 _aGraded Readers
_vLevel 5
505 _aS
520 _aMark Twain's classic tale of The Adventures of Huckleberry Finn tells of a young boy's adventures on the Mississippi River and life in the antebellum South
521 8 _a800
_bLexile
521 8 _aS
_bRaz-Plus
650 _aadventure
_vfiction
942 _2ddc
_cBK
_n0
999 _c4799
_d4799